All Modern-Day Countries Ever Controlled by the Bourbons - Statistics

General Stats
  • This quiz has been taken 50 times
  • The average score is 41 of 47
Answers on the Map
Answers color-coded by a green-red scale on the quiz's map according to % correct below.
 
Answer Stats
Answer % Correct
France
100%
Spain
100%
United States
100%
Canada
98%
Italy
98%
Mexico
98%
Morocco
98%
Belgium
95%
Argentina
93%
Bolivia
93%
Brazil
93%
Chile
93%
Cuba
93%
Honduras
93%
Panama
93%
Peru
93%
Luxembourg
90%
Malta
90%
Nicaragua
90%
Paraguay
90%
Philippines
90%
Uruguay
90%
Venezuela
90%
Belize
88%
Colombia
88%
Dominican Republic
88%
Ecuador
88%
Guatemala
88%
Guyana
88%
Haiti
88%
Netherlands
88%
Costa Rica
86%
El Salvador
86%
Malaysia
86%
Andorra
83%
Germany
83%
Equatorial Guinea
81%
Monaco
81%
Palau
81%
Federated States of Micronesia
79%
Cameroon
76%
Gabon
76%
India
76%
Trinidad and Tobago
76%
Marshall Islands
74%
United Kingdom
71%
Nigeria
67%
No matching quizzes found
Score Distribution
Percent of People with Each Score
Percentile by Number Answered
Your Score History
You have not taken this quiz